|
|
|
|
| LEADER |
00936nam a22002417a 4500 |
| 003 |
GR-PaULI |
| 005 |
20210121183003.0 |
| 007 |
ta |
| 008 |
180924b ||||f |||| 00| 0 gre d |
| 952 |
|
|
|0 0
|1 0
|2 nlm
|4 0
|6 QU_85_KEY
|7 1
|9 225883
|a MEDI
|b MEDI
|c DON
|d 2018-09-24
|i 7265
|l 0
|o QU 85 KEY
|p 025000175007
|r 2018-09-24 00:00:00
|t 1
|v 2018.00
|w 2018-09-24
|y BKN
|z Δωρεά Ζ. Γιώτσα (αίθουσα δωρεών).
|
| 999 |
|
|
|c 136300
|d 136300
|
| 040 |
|
|
|a GR-PaULI
|b gre
|c GR-PaULI
|e AACR2
|
| 060 |
|
|
|a QU 85
|
| 100 |
1 |
|
|9 163971
|a Keys, Ancel
|e συγγραφέας
|
| 245 |
1 |
3 |
|a Τα λιπίδια του αίματος /
|c Ancel Keys.
|
| 260 |
|
|
|a [χ.τ.]:
|b [χ.ό.],
|c [χ.χ.].
|
| 300 |
|
|
|a 26 σ.;
|c 24 εκ.
|
| 490 |
|
|
|a Das medizinische prisma
|
| 504 |
|
|
|6 Περιλαμβάνει βιβλιογραφία.
|
| 650 |
|
4 |
|a Λιπίδια
|9 36542
|
| 830 |
|
4 |
|9 171030
|a Das medizinische prisma
|
| 942 |
|
|
|2 nlm
|c BKN
|
| 998 |
|
|
|c ΜΑΝΙΑΚΗ
|d 2018
|